| 000 | 00663nam a2200229Ia 4500 | ||
|---|---|---|---|
| 008 | 191130s2010##################000#0#eng## | ||
| 020 | _a9781405350709 | ||
| 040 |
_aACL _cACL |
||
| 082 | _a641.5 KAR | ||
| 100 | _aKarmel, Annabel | ||
| 245 |
_aYou can cook _cAnnabel Karmel |
||
| 250 | _a1st ed | ||
| 260 |
_aLondon _bDorling Kindersley _c2010 |
||
| 300 | _a128 p. : col. ill. ; 28 cm | ||
| 500 | _aIncludes index. Subtitle on cover: A step-by-step cookbook for kids | ||
| 650 | _aCooking | ||
| 650 | _aCooking -- Juvenile literature | ||
| 650 | _aCooking, recipes | ||
| 990 | _a7ef36747ac10000c4187a17d2c4cfeba | ||
| 991 | _a99387 | ||
| 999 |
_c90955 _d90955 |
||